000 00802cam a2200253 4500
008 090401t1996 xxu||||| |||| 00| 0 eng d
020 _a0113220448
035 _a(Sirsi) u6759
041 _aeng
050 _a692.8
_c18
110 _aNHS Estates
_92893
245 _aAgreement for the appointment of clerks of works for construction projects in the National Health Service (1996 edition).
260 _aLondon
_bStationery Office
_c1996
300 _a40p. ; 30cm.
350 _a25
650 _aBUILT ENVIRONMENT-BUILDING CONTRACT FORMS
650 _aCLERKS OF WORKS
650 _aCONDITIONS OF ENGAGEMENT
650 _aCONSTRUCTION PROJECTS
650 _aNATIONAL HEALTH SERVICE
690 _aMANAGEMENT-BUSINESS MANAGEMENT-PROFESSIONAL PRACTICE
942 _n0
948 _c04/03/1997
999 _c86346
_d86346